| 000 | 00717cam a2200265 4500 | ||
|---|---|---|---|
| 001 | E1086 | ||
| 008 | 090401t1992 xxu||||| |||| 00| 0 eng d | ||
| 035 | _a(Sirsi) u30776 | ||
| 041 | _aeng | ||
| 050 | _a333.33609411 | ||
| 090 | _aRICS 1992/45A | ||
| 110 |
_aRoyal Institution of Chartered Surveyors _bScotland _93082 |
||
| 245 | _aAccommodation for inward investment | ||
| 260 |
_aEdinburgh _bRoyal Institution of Chartered Surveyors _c1992 |
||
| 300 | _a21p. ; 30cm. | ||
| 350 | _a0 | ||
| 490 |
_aSPPA/REPORT _v(92) 20 |
||
| 650 | _aCOSLA | ||
| 650 | _aINDUSTRIAL PROPERTY | ||
| 650 | _aINWARD INVESTMENT | ||
| 650 | _aPROPERTY INVESTMENT | ||
| 650 | _aSCOTLAND | ||
| 942 | _n0 | ||
| 948 | _c04/03/1997 | ||
| 999 |
_c89510 _d89510 |
||